Seeds / (Record no. 19059)

000 -LEADER
fixed length control field 00477pam a22001814a 4500
020 ## - INTERNATIONAL STANDARD BOOK NUMBER
ISBN 1588105253
040 ## - CATALOGING SOURCE
Transcribing agency DLC
082 00 - DEWEY DECIMAL CLASSIFICATION NUMBER
Classification number 581 HEI 2002 C160 Or.
100 1# - MAIN ENTRY--AUTHOR NAME
Personal name Whitehouse, Patricia,
245 10 - TITLE STATEMENT
Title Seeds /
260 ## - PUBLICATION, DISTRIBUTION, ETC. (IMPRINT)
Place of publication Chicago :
Name of publisher Heinemann Library,
Year of publication c2002.
300 ## - PHYSICAL DESCRIPTION
Number of Pages 24 p. :
Other physical details col. ill. ;
Dimensions 23 cm.
490 1# - SERIES STATEMENT
Series statement Plants
500 ## - GENERAL NOTE
General note Includes index.
520 ## - SUMMARY, ETC.
Summary, etc Introduces the physical traits, function, and uses of seeds.
650 #0 - SUBJECT ADDED ENTRY--TOPICAL TERM
Topical Term Seeds
942 ## - ADDED ENTRY ELEMENTS (KOHA)
Koha item type ADB
952 ## - LOCATION AND ITEM INFORMATION (KOHA)
Withdrawn status [LOCAL, KOHA] 0
Holdings
Koha item type Source of acquisition Lost status Permanent Location Current Location Date acquired Full call number
សៀវភៅភាសាអង់គ្លេសA38645 Library Block CLibrary Block C2020-03-04581 HEI 2002 C160 Or.
មជ្ឈមណ្ឌលឯការនៃសាកលវិទ្យាល័យភូមិន្ទកសិកម្មចំការដូង

Powered by Koha